Estudios de historia del derecho privado
Guardat en:
| Autor principal: | |
|---|---|
| Format: | Llibre |
| Idioma: | espanyol |
| Publicat: |
Sevilla
Universidad de Sevilla
1982
|
| Matèries: | |
| Etiquetes: |
Afegir etiqueta
Sense etiquetes, Sigues el primer a etiquetar aquest registre!
|
MARC
| LEADER | 00000nam a2200000 a 4500 | ||
|---|---|---|---|
| 001 | UCR3209 | ||
| 003 | CL-VaPUC | ||
| 008 | 980124e19820000SP |||||||||||||||||spa|d | ||
| 082 | 0 | 4 | |a 346.46 |b GAR |2 21 |
| 100 | |a García-Gallo de Diego, Alfonso |e autor |9 431084 | ||
| 245 | 1 | 0 | |a Estudios de historia del derecho privado |
| 300 | |a 408 p | ||
| 942 | |c BK | ||
| 945 | |d 19980124 00:00:00 |a cmena | ||
| 260 | |a Sevilla |b Universidad de Sevilla |c 1982 | ||
| 650 | 0 | |a Derecho privado |9 258243 | |
| 650 | 0 | |a Historia del derecho |9 255109 | |
| 650 | 0 | |a Personas |9 255751 | |
| 650 | 0 | |a Mujeres |9 257649 | |
| 650 | 7 | |a INDIOS |2 CL-VaPUC |9 258588 | |
| 650 | 0 | |a Bienes |9 255749 | |
| 650 | 0 | |a Derecho sucesorio |9 255015 | |
| 650 | 0 | |a Testamento |9 258220 | |
| 651 | 0 | |a España |9 254926 | |
| 583 | |a last modification |c 19980124 00:00:00 |k Rodrigo Vera | ||
| 999 | |c 266305 |d 266303 | ||
| 952 | |0 0 |1 0 |4 0 |6 346_460000000000000_GAR_1982 |7 0 |8 DER_HIS |9 297753 |a BIBDER |b BIBDER |d 2019-11-20 |i 1940651 |o 346.46 GAR 1982 |p 1940651 |r 2023-01-25 |w 2019-11-20 |x Ubicación 4to Piso |y BK |z Estos recursos deben solicitarse con anticipación |k DER | ||